[Event "Oberliga Ost A 2017 2018"]
[Site "Germany"]
[Date "2017.12.10"]
[Round "4.1"]
[White "Eichner, Sebastian"]
[Black "Lechtynsky, Jiri"]
[Result "1/2-1/2"]
[WhiteElo "2364"]
[BlackElo "2367"]
[PlyCount "50"]
[EventDate "2017.10.22"]
[EventType "team-tourn"]
[EventCountry "GER"]
[WhiteTeam "Aue ESV Nickelhuette II"]
[BlackTeam "Hoyerswerda FVS ASP"]
[WhiteTeamCountry "GER"]
[BlackTeamCountry "GER"]

1. d4 Nf6 2. c4 e6 3. Nf3 b6 4. g3 Bb7 5. Bg2 Bb4+ 6. Nbd2 c5 7. O-O cxd4 8.
Nb3 Be7 9. Nbxd4 a6 10. b3 O-O 11. Bb2 d6 12. Rc1 Nbd7 13. Rc2 Qc7 14. Qa1 Be4
15. Rd2 Rfe8 16. Rfd1 Bf8 17. Bh3 Bb7 18. Rc2 h6 19. Ne1 Rac8 20. Bg2 Bxg2 21.
Kxg2 Qb7+ 22. Kg1 d5 23. cxd5 Rxc2 24. Ndxc2 Nxd5 25. Ng2 N7f6 1/2-1/2

[Event "Oberliga Ost A 2017 2018"]
[Site "Germany"]
[Date "2017.12.10"]
[Round "4.3"]
[White "Jurasek, Miroslav"]
[Black "Hovsepyan, Vardan"]
[Result "1-0"]
[WhiteElo "2276"]
[BlackElo "2218"]
[PlyCount "93"]
[EventDate "2017.10.22"]
[EventType "team-tourn"]
[EventCountry "GER"]
[WhiteTeam "Aue ESV Nickelhuette II"]
[BlackTeam "Hoyerswerda FVS ASP"]
[WhiteTeamCountry "GER"]
[BlackTeamCountry "GER"]

1. d4 Nf6 2. Nf3 g6 3. Nc3 c5 4. d5 Bg7 5. e4 d6 6. Nd2 O-O 7. Be2 Na6 8. O-O
Nc7 9. a4 Bd7 10. Re1 e5 11. dxe6 fxe6 12. Nf3 d5 13. Bg5 Qc8 14. e5 Ne4 15.
Be3 Nxc3 16. bxc3 c4 17. Qd2 Rf5 18. Nd4 Rf7 19. f4 Qe8 20. Reb1 b6 21. a5 b5
22. h4 Na6 23. Qe1 Bf8 24. h5 Nc5 25. hxg6 hxg6 26. Qg3 Rg7 27. Rf1 Be7 28. Bg4
a6 29. Rf3 Qf7 30. Raf1 Re8 31. Qe1 Nb7 32. Rh3 Bd8 33. Nf3 Rf8 34. Rf2 Qe8 35.
Ng5 Bxg5 36. fxg5 Rh7 37. Rf6 Rxh3 38. gxh3 Rxf6 39. gxf6 Nxa5 40. Qg3 Kf7 41.
h4 Qh8 42. h5 g5 43. Bxg5 Nc6 44. h6 Qh7 45. Bh5+ Kf8 46. f7 d4 47. Bf6 1-0

[Event "Oberliga Ost A 2017 2018"]
[Site "Germany"]
[Date "2017.12.10"]
[Round "4.4"]
[White "Kesik, Klaus Dieter"]
[Black "Schnabel, Ralf"]
[Result "0-1"]
[WhiteElo "2222"]
[BlackElo "2225"]
[PlyCount "118"]
[EventDate "2017.10.22"]
[EventType "team-tourn"]
[EventCountry "GER"]
[WhiteTeam "Hoyerswerda FVS ASP"]
[BlackTeam "Aue ESV Nickelhuette II"]
[WhiteTeamCountry "GER"]
[BlackTeamCountry "GER"]

1. d4 f5 2. Nf3 Nf6 3. Bf4 g6 4. e3 Bg7 5. Bc4 e6 6. h3 O-O 7. Nc3 d5 8. Bb3 a6
9. Qe2 Nc6 10. Ne5 Nxe5 11. Bxe5 Ne4 12. Bxg7 Kxg7 13. Nxe4 fxe4 14. O-O-O Qd6
15. h4 Bd7 16. Rd2 c6 17. f4 Be8 18. g4 h6 19. Qh2 Rd8 20. c4 b5 21. cxd5 cxd5
22. h5 g5 23. fxg5 hxg5 24. Qxd6 Rxd6 25. Bd1 Rc6+ 26. Rc2 Rf2 27. Rxc6 Bxc6
28. Re1 Be8 29. Re2 Rf3 30. Kd2 b4 31. a3 bxa3 32. bxa3 Rf1 33. Re1 Rf2+ 34.
Kc3 Bb5 35. Kb4 Rb2+ 36. Kc3 Ra2 37. Bb3 Rg2 38. a4 Be2 39. Kb4 Bxg4 40. Kc5
Kh6 41. a5 Rb2 42. Ba4 Ra2 43. Be8 Rxa5+ 44. Kd6 Ra3 45. Ke5 Rb3 46. Kf6 Bh3
47. Bg6 a5 48. Ke5 a4 49. Rc1 Rxe3 50. Rc7 g4 51. Rh7+ Kg5 52. Be8 a3 53. Rg7+
Kh6 54. Rg6+ Kxh5 55. Rxe6+ Kh4 56. Ra6 Bf1 57. Ra8 Bc4 58. Bf7 a2 59. Be6 Re1
0-1

[Event "Oberliga Ost A 2017 2018"]
[Site "Germany"]
[Date "2017.12.10"]
[Round "4.5"]
[White "Haessler, Wolfgang"]
[Black "Jahnel, Guenther"]
[Result "1/2-1/2"]
[WhiteElo "2178"]
[BlackElo "2222"]
[PlyCount "59"]
[EventDate "2017.10.22"]
[EventType "team-tourn"]
[EventCountry "GER"]
[WhiteTeam "Aue ESV Nickelhuette II"]
[BlackTeam "Hoyerswerda FVS ASP"]
[WhiteTeamCountry "GER"]
[BlackTeamCountry "GER"]

1. d4 Nf6 2. Bf4 g6 3. e3 Bg7 4. Nf3 O-O 5. Be2 c5 6. c3 b6 7. O-O Bb7 8. h3 d6
9. a4 Qc7 10. Nbd2 Nbd7 11. Bh2 a6 12. Qb3 Bc6 13. Qa3 Qb7 14. b4 cxb4 15. cxb4
Ne4 16. Nxe4 Bxe4 17. Rfd1 Nf6 18. Bf1 Rfc8 19. Nd2 Bc6 20. Nc4 Bd5 21. Rac1
Bf8 22. Nd2 Ne4 23. Nb1 Bc6 24. Qb3 b5 25. a5 e6 26. f3 Nf6 27. e4 d5 28. e5
Ne8 29. Bf4 f6 30. exf6 1/2-1/2

[Event "Oberliga Ost A 2017 2018"]
[Site "Germany"]
[Date "2017.12.10"]
[Round "4.6"]
[White "Graf, Roland"]
[Black "Heinz, Juergen"]
[Result "0-1"]
[WhiteElo "2103"]
[BlackElo "2222"]
[PlyCount "82"]
[EventDate "2017.10.22"]
[EventType "team-tourn"]
[EventCountry "GER"]
[WhiteTeam "Hoyerswerda FVS ASP"]
[BlackTeam "Aue ESV Nickelhuette II"]
[WhiteTeamCountry "GER"]
[BlackTeamCountry "GER"]

1. e4 c5 2. Nf3 Nc6 3. c3 e6 4. d4 d5 5. exd5 Qxd5 6. Na3 cxd4 7. Nb5 Qd8 8.
Bf4 e5 9. Nxe5 Qe7 10. Qe2 g5 11. Bxg5 f6 12. Nc7+ Kd8 13. Nxc6+ bxc6 14. Qxe7+
Bxe7 15. Bf4 Rb8 16. Ne6+ Bxe6 17. Bxb8 dxc3 18. bxc3 Bc5 19. Bg3 Ne7 20. Bd3
h5 21. h4 Rg8 22. O-O-O Ke8 23. Be2 Nd5 24. Bxh5+ Ke7 25. c4 Nc3 26. Rd2 Ne4
27. Re2 f5 28. Bf3 Bxc4 29. Bxe4 Bxe2 30. Bxf5 Kf6 31. Bc2 Ba3+ 32. Kd2 Bb5 33.
Kc3 Rg4 34. Bb3 a5 35. h5 a4 36. Bd1 Rc4+ 37. Kd2 Bc1+ 38. Ke1 Re4+ 39. Be2
Rxe2+ 40. Kd1 Bh6 41. Rh4 Rd2+ 0-1

[Event "Oberliga Ost A 2017 2018"]
[Site "Germany"]
[Date "2017.12.10"]
[Round "4.7"]
[White "Floeter, Frank"]
[Black "Schuh, Ruediger"]
[Result "1/2-1/2"]
[WhiteElo "2123"]
[BlackElo "2090"]
[PlyCount "23"]
[EventDate "2017.10.22"]
[EventType "team-tourn"]
[EventCountry "GER"]
[WhiteTeam "Aue ESV Nickelhuette II"]
[BlackTeam "Hoyerswerda FVS ASP"]
[WhiteTeamCountry "GER"]
[BlackTeamCountry "GER"]

1. d4 Nf6 2. c4 c5 3. d5 g6 4. Nc3 Bg7 5. Nf3 O-O 6. Bg5 d6 7. Nd2 Na6 8. e4
Nc7 9. Be2 a6 10. a4 Rb8 11. f4 Bd7 12. a5 1/2-1/2

[Event "Oberliga Ost A 2017 2018"]
[Site "Germany"]
[Date "2017.12.10"]
[Round "4.8"]
[White "Heyme, Sibylle"]
[Black "Heinz, Thomas"]
[Result "0-1"]
[WhiteElo "2011"]
[BlackElo "2138"]
[PlyCount "82"]
[EventDate "2017.10.22"]
[EventType "team-tourn"]
[EventCountry "GER"]
[WhiteTeam "Hoyerswerda FVS ASP"]
[BlackTeam "Aue ESV Nickelhuette II"]
[WhiteTeamCountry "GER"]
[BlackTeamCountry "GER"]

1. Nf3 Nf6 2. c4 g6 3. g3 Bg7 4. Bg2 O-O 5. O-O d6 6. d4 Nbd7 7. Nc3 c6 8. e4
Qc7 9. Re1 e5 10. b3 Re8 11. Bb2 b6 12. Qd2 Bb7 13. Rad1 Rad8 14. a4 a6 15. Rc1
Qb8 16. d5 cxd5 17. cxd5 Nc5 18. Qd1 a5 19. Bf1 Ba6 20. Bxa6 Nxa6 21. Nd2 Bh6
22. Rb1 Bxd2 23. Qxd2 Nc5 24. Ba1 Qc8 25. Kg2 Qd7 26. f3 Nh5 27. Nb5 f5 28.
exf5 Qxf5 29. Rf1 Rf8 30. b4 axb4 31. Rxb4 Nf6 32. Nc7 Rc8 33. Nb5 Nb3 34. Qd1
Rc2+ 35. Rf2 Rxf2+ 36. Kxf2 Nxa1 37. Qxa1 Ng4+ 38. Rxg4 Qxf3+ 39. Kg1 Qf2+ 40.
Kh1 Qf3+ 41. Kg1 Qxg4 0-1

[Event "Oberliga Ost A 2017 2018"]
[Site "Germany"]
[Date "2017.12.10"]
[Round "4.1"]
[White "Pietsch, Michael"]
[Black "Schmidt Schaeffer, Sebastian"]
[Result "1-0"]
[WhiteElo "2206"]
[BlackElo "2373"]
[PlyCount "63"]
[EventDate "2017.10.22"]
[EventType "team-tourn"]
[EventCountry "GER"]
[WhiteTeam "Coswig TuS"]
[BlackTeam "Naumburger SV"]
[WhiteTeamCountry "GER"]
[BlackTeamCountry "GER"]

1. c4 e6 2. g3 d5 3. Nf3 Nf6 4. d4 Bb4+ 5. Bd2 Be7 6. Bg2 O-O 7. Qc2 Ne4 8. O-O
c6 9. Bf4 Nd7 10. Nc3 g5 11. Bc1 f5 12. Rd1 Nd6 13. b3 dxc4 14. Ne5 cxb3 15.
Qxb3 Nb6 16. e4 fxe4 17. Nxe4 Nd5 18. Nc5 Qb6 19. Qc2 Qc7 20. Bh3 Nf5 21. Ne4
Nxd4 22. Rxd4 Qxe5 23. Bb2 Nf6 24. Rad1 Nxe4 25. Rxe4 Qc5 26. Qe2 Bf6 27. Be5
Qe7 28. Bd6 Qg7 29. Bxf8 Qxf8 30. Bxe6+ Bxe6 31. Rxe6 Rd8 32. Rxd8 1-0

[Event "Oberliga Ost A 2017 2018"]
[Site "Germany"]
[Date "2017.12.10"]
[Round "4.2"]
[White "Heinrich, Julius Tobias"]
[Black "Schweitzer, Andreas"]
[Result "1/2-1/2"]
[WhiteElo "2129"]
[BlackElo "2228"]
[PlyCount "119"]
[EventDate "2017.10.22"]
[EventType "team-tourn"]
[EventCountry "GER"]
[WhiteTeam "Naumburger SV"]
[BlackTeam "Coswig TuS"]
[WhiteTeamCountry "GER"]
[BlackTeamCountry "GER"]

1. e4 c5 2. c3 Nf6 3. e5 Nd5 4. d4 cxd4 5. cxd4 d6 6. f4 Bf5 7. Nc3 Nxc3 8.
bxc3 d5 9. Ne2 e6 10. Ng3 Bg6 11. Qb3 Qd7 12. Ba3 Bxa3 13. Qxa3 Nc6 14. Be2 h5
15. h4 O-O-O 16. O-O-O Kb8 17. Kb2 Qc7 18. Rhf1 Na5 19. Qa4 Rc8 20. Rc1 f6 21.
Ka1 fxe5 22. fxe5 Nc4 23. Bxc4 dxc4 24. Qa3 Qd8 25. Rf3 Bd3 26. Rf7 Rc7 27.
Rxc7 Qxc7 28. Nh1 Qd8 29. Nf2 Bf5 30. g3 Qd5 31. Nd1 Qf3 32. Nb2 b5 33. Qb4 Qd5
34. Qe7 g6 35. Nd1 Qf3 36. Qb4 a6 37. a4 Qc6 38. Ne3 Bd3 39. Nd1 Rc8 40. Nf2
Bf5 41. Re1 Rc7 42. Re2 Rb7 43. Rb2 Kc8 44. Ka2 Kd7 45. Nd1 Qf3 46. Rd2 Ke8 47.
Qc5 Kf7 48. d5 exd5 49. e6+ Kf6 50. Ne3 Bxe6 51. Nxd5+ Bxd5 52. Rf2 Kg7 53.
Rxf3 Bxf3 54. a5 Rf7 55. Kb2 Rf6 56. Qe5 Kf7 57. Kc2 Bg4 58. Qc7+ Kg8 59. Qd8+
Kf7 60. Qd5+ 1/2-1/2

[Event "Oberliga Ost A 2017 2018"]
[Site "Germany"]
[Date "2017.12.10"]
[Round "4.3"]
[White "Mueller, Richard"]
[Black "Gering, Samuel"]
[Result "1-0"]
[WhiteElo "2161"]
[BlackElo "2087"]
[PlyCount "49"]
[EventDate "2017.10.22"]
[EventType "team-tourn"]
[EventCountry "GER"]
[WhiteTeam "Coswig TuS"]
[BlackTeam "Naumburger SV"]
[WhiteTeamCountry "GER"]
[BlackTeamCountry "GER"]

1. d4 g6 2. c4 Bg7 3. e4 d6 4. Nc3 e5 5. d5 Nf6 6. f3 O-O 7. Be3 a5 8. Qd2 Ne8
9. Bd3 Na6 10. O-O-O c6 11. Nge2 Bd7 12. g4 Nb4 13. Kb1 Nc7 14. Rc1 Rb8 15. Bc2
b5 16. cxb5 Nxb5 17. Nxb5 cxb5 18. h4 Nxc2 19. Rxc2 b4 20. Rcc1 f5 21. gxf5
gxf5 22. Bg5 Qe8 23. Rhg1 Rf7 24. Ng3 f4 25. Nh5 1-0

[Event "Oberliga Ost A 2017 2018"]
[Site "Germany"]
[Date "2017.12.10"]
[Round "4.4"]
[White "Haertig, Jens"]
[Black "Escher, Thomas"]
[Result "1/2-1/2"]
[WhiteElo "2140"]
[BlackElo "2150"]
[PlyCount "29"]
[EventDate "2017.10.22"]
[EventType "team-tourn"]
[EventCountry "GER"]
[WhiteTeam "Naumburger SV"]
[BlackTeam "Coswig TuS"]
[WhiteTeamCountry "GER"]
[BlackTeamCountry "GER"]

1. c4 e5 2. Nc3 Nc6 3. Nf3 f5 4. d4 e4 5. Ng5 Bb4 6. Nh3 Nf6 7. e3 O-O 8. Be2
Bxc3+ 9. bxc3 d6 10. O-O Qe8 11. Ba3 Qf7 12. c5 d5 13. c4 Rd8 14. Qc2 Be6 15.
Nf4 1/2-1/2

[Event "Oberliga Ost A 2017 2018"]
[Site "Germany"]
[Date "2017.12.10"]
[Round "4.5"]
[White "Klawa, Patrick"]
[Black "Wendling, Florian"]
[Result "1-0"]
[WhiteElo "2163"]
[BlackElo "1998"]
[PlyCount "55"]
[EventDate "2017.10.22"]
[EventType "team-tourn"]
[EventCountry "GER"]
[WhiteTeam "Coswig TuS"]
[BlackTeam "Naumburger SV"]
[WhiteTeamCountry "GER"]
[BlackTeamCountry "GER"]

1. e4 c5 2. Nc3 d6 3. Nge2 Nc6 4. g3 Nf6 5. Bg2 e5 6. O-O Bd7 7. Nd5 Nxd5 8.
exd5 Ne7 9. f4 Qb6 10. c4 f5 11. d3 g6 12. Be3 a5 13. fxe5 dxe5 14. d4 exd4 15.
Nxd4 O-O-O 16. Nb3 Ng8 17. Qd2 a4 18. Nc1 Nf6 19. Nd3 Re8 20. b4 axb3 21. axb3
Ne4 22. Qb2 Bd6 23. b4 Rhf8 24. Bxe4 Rxe4 25. Bxc5 Bxc5+ 26. Nxc5 Ree8 27. Qg7
Rd8 28. Qe5 1-0

[Event "Oberliga Ost A 2017 2018"]
[Site "Germany"]
[Date "2017.12.10"]
[Round "4.6"]
[White "Muekke, Jens Frieder"]
[Black "Merker, Matthias"]
[Result "1-0"]
[WhiteElo "1993"]
[BlackElo "2133"]
[PlyCount "101"]
[EventDate "2017.10.22"]
[EventType "team-tourn"]
[EventCountry "GER"]
[WhiteTeam "Naumburger SV"]
[BlackTeam "Coswig TuS"]
[WhiteTeamCountry "GER"]
[BlackTeamCountry "GER"]

1. e4 d5 2. exd5 Nf6 3. Nf3 Nxd5 4. d4 Bg4 5. Be2 e6 6. O-O Nc6 7. c3 Be7 8. h3
Bh5 9. Qb3 Rb8 10. Re1 O-O 11. Nbd2 Nf4 12. Bf1 Qd5 13. c4 Qf5 14. a3 Rfd8 15.
Qe3 Bf6 16. Nb3 Nxh3+ 17. Kh2 Bxf3 18. gxf3 Bg5 19. Bxh3 Bxe3 20. Bxf5 Bxf2 21.
Rf1 Nxd4 22. Nxd4 Bxd4 23. Bc2 Be5+ 24. f4 Bd4 25. Rb1 f5 26. b4 g6 27. Re1 Kf7
28. c5 Kf6 29. Rb3 a5 30. Rd3 axb4 31. axb4 b6 32. c6 Rd6 33. Rxd4 Rxd4 34. Bb2
Rbd8 35. Bb3 e5 36. fxe5+ Ke7 37. Bxd4 Rxd4 38. b5 Rb4 39. Bg8 Rxb5 40. Bxh7
Ke6 41. Bg8+ Ke7 42. Kg3 Rc5 43. Kf4 Rxc6 44. Kg5 b5 45. Rh1 Kf8 46. Bd5 Rb6
47. Rh8+ Ke7 48. Rh7+ Kd8 49. e6 c5 50. Kf6 c4 51. Kf7 1-0

[Event "Oberliga Ost A 2017 2018"]
[Site "Germany"]
[Date "2017.12.10"]
[Round "4.7"]
[White "Piotraschke, Jens"]
[Black "Roessler, Bernd"]
[Result "1-0"]
[WhiteElo "2145"]
[BlackElo "2032"]
[PlyCount "65"]
[EventDate "2017.10.22"]
[EventType "team-tourn"]
[EventCountry "GER"]
[WhiteTeam "Coswig TuS"]
[BlackTeam "Naumburger SV"]
[WhiteTeamCountry "GER"]
[BlackTeamCountry "GER"]

1. d4 Nf6 2. Nf3 c6 3. c4 d5 4. e3 e6 5. b3 Nbd7 6. Bd3 b6 7. O-O Bb7 8. Bb2
Be7 9. Nc3 Rc8 10. Qe2 O-O 11. Rac1 Re8 12. Ne5 Bd6 13. f4 c5 14. cxd5 exd5 15.
Bf5 a6 16. Qf3 g6 17. Bh3 cxd4 18. exd4 Bb4 19. Nxd7 Nxd7 20. f5 g5 21. f6 Rc6
22. Bxd7 Qxd7 23. Qh5 Kh8 24. Rf3 g4 25. Rf5 Rg8 26. Nxd5 Rxc1+ 27. Bxc1 Bf8
28. Be3 Bc8 29. Rg5 Rg6 30. Rxg6 fxg6 31. Qe5 Qd6 32. Nxb6 Qc6 33. f7+ 1-0

[Event "Oberliga Ost A 2017 2018"]
[Site "Germany"]
[Date "2017.12.10"]
[Round "4.8"]
[White "Will, Matthias"]
[Black "Kieslich, Aaron"]
[Result "1-0"]
[WhiteElo "2025"]
[BlackElo "2048"]
[PlyCount "73"]
[EventDate "2017.10.22"]
[EventType "team-tourn"]
[EventCountry "GER"]
[WhiteTeam "Naumburger SV"]
[BlackTeam "Coswig TuS"]
[WhiteTeamCountry "GER"]
[BlackTeamCountry "GER"]

1. Nf3 Nf6 2. c4 e6 3. g3 b6 4. Bg2 Bb7 5. O-O Be7 6. b3 O-O 7. Bb2 c5 8. d4 d6
9. e3 Nbd7 10. Nc3 Ne4 11. Qc2 Nxc3 12. Bxc3 Nf6 13. dxc5 bxc5 14. Ng5 Bxg2 15.
Bxf6 g6 16. Nxe6 fxe6 17. Bxe7 Qxe7 18. Kxg2 a5 19. Qe4 a4 20. f4 Qf6 21. Rab1
axb3 22. axb3 Ra2+ 23. Rf2 Rfa8 24. b4 Rxf2+ 25. Kxf2 Ra2+ 26. Kf3 cxb4 27.
Rxb4 Qf5 28. Rb8+ Kg7 29. Qb7+ Qf7 30. Qc6 Ra7 31. Qxd6 Rd7 32. Qe5+ Kh6 33. g4
Rb7 34. g5+ Kh5 35. Rxb7 Qxb7+ 36. Qe4 Qb3 37. Kg3 1-0

[Event "Oberliga Ost A 2017 2018"]
[Site "Germany"]
[Date "2017.12.10"]
[Round "4.1"]
[White "Wegener, Dirk"]
[Black "Spreng, Simon"]
[Result "0-1"]
[WhiteElo "2373"]
[BlackElo "2235"]
[PlyCount "80"]
[EventDate "2017.10.22"]
[EventType "team-tourn"]
[EventCountry "GER"]
[WhiteTeam "Dresden USV TU II"]
[BlackTeam "Dessau SK"]
[WhiteTeamCountry "GER"]
[BlackTeamCountry "GER"]

1. e4 d6 2. d4 Nf6 3. Nc3 e5 4. Nf3 exd4 5. Nxd4 g6 6. Bc4 Bg7 7. O-O O-O 8.
Bg5 h6 9. Bf4 Nc6 10. Nxc6 bxc6 11. Qd2 Kh7 12. Rad1 Be6 13. Bxe6 fxe6 14. h3
Qb8 15. Qc1 Qb4 16. a3 Qc4 17. Rfe1 Nh5 18. Be3 g5 19. Rd3 Nf4 20. Bxf4 Rxf4
21. f3 Qc5+ 22. Kh1 Rb8 23. Qd2 Rf7 24. b4 Qc4 25. Nd1 Qb5 26. Ne3 a5 27. c4
Qa4 28. Rb1 Rff8 29. Rdb3 axb4 30. axb4 Ra8 31. Qd3 Kh8 32. Nc2 Qa7 33. b5 cxb5
34. Rxb5 Qf2 35. e5 Ra2 36. Ne3 Re2 37. R5b3 Rxf3 38. Rb8+ Bf8 39. Qg6 Rxh3+
40. gxh3 Qh2# 0-1

[Event "Oberliga Ost A 2017 2018"]
[Site "Germany"]
[Date "2017.12.10"]
[Round "4.3"]
[White "Ader, Gunter"]
[Black "Schubert, Ralf"]
[Result "1/2-1/2"]
[WhiteElo "2036"]
[BlackElo "2148"]
[PlyCount "39"]
[EventDate "2017.10.22"]
[EventType "team-tourn"]
[EventCountry "GER"]
[WhiteTeam "Dresden USV TU II"]
[BlackTeam "Dessau SK"]
[WhiteTeamCountry "GER"]
[BlackTeamCountry "GER"]

1. e4 d6 2. d4 Nf6 3. Nc3 g6 4. Nf3 Bg7 5. Bc4 O-O 6. Bg5 h6 7. Be3 Ng4 8. Bf4
e5 9. dxe5 Nxe5 10. Nxe5 dxe5 11. Qxd8 Rxd8 12. Be3 c6 13. O-O Nd7 14. Rad1 Re8
15. Rd6 Nf8 16. Rfd1 Ne6 17. Ne2 Bf8 18. R6d2 Kg7 19. f3 Be7 20. c3 1/2-1/2

[Event "Oberliga Ost A 2017 2018"]
[Site "Germany"]
[Date "2017.12.10"]
[Round "4.4"]
[White "Erler, Rainer"]
[Black "Verhulst, Nicolaas"]
[Result "1-0"]
[WhiteElo "2100"]
[BlackElo "2070"]
[PlyCount "51"]
[EventDate "2017.10.22"]
[EventType "team-tourn"]
[EventCountry "GER"]
[WhiteTeam "Dessau SK"]
[BlackTeam "Dresden USV TU II"]
[WhiteTeamCountry "GER"]
[BlackTeamCountry "GER"]

1. e4 c5 2. Nc3 a6 3. g3 b5 4. Bg2 Bb7 5. Nge2 e6 6. O-O d6 7. d3 Nd7 8. Be3
Ngf6 9. Nf4 Be7 10. e5 Bxg2 11. exf6 Bxf1 12. fxe7 Qxe7 13. Qxf1 d5 14. d4 b4
15. Ncxd5 exd5 16. Nxd5 Qd6 17. Qg2 O-O-O 18. Bf4 Ne5 19. Ne3 Qxd4 20. Qa8+ Kd7
21. Qb7+ Ke6 22. Rd1 Rd7 23. Qxa6+ Rd6 24. Qe2 Rhd8 25. Rxd4 Rxd4 26. Nc4 1-0

[Event "Oberliga Ost A 2017 2018"]
[Site "Germany"]
[Date "2017.12.10"]
[Round "4.5"]
[White "Ledfuss, Guntram"]
[Black "Leibovitch, Iziaslav"]
[Result "1/2-1/2"]
[WhiteElo "2043"]
[BlackElo "2125"]
[PlyCount "33"]
[EventDate "2017.10.22"]
[EventType "team-tourn"]
[EventCountry "GER"]
[WhiteTeam "Dresden USV TU II"]
[BlackTeam "Dessau SK"]
[WhiteTeamCountry "GER"]
[BlackTeamCountry "GER"]

1. d4 Nf6 2. c4 c5 3. d5 e5 4. Nc3 d6 5. e4 Nbd7 6. Bd3 Be7 7. Nge2 O-O 8. Ng3
Ne8 9. h4 g6 10. Bh6 Ng7 11. Qd2 Nf6 12. Be2 Bd7 13. h5 Ng4 14. Bxg4 Bxg4 15.
f3 Bd7 16. hxg6 hxg6 17. O-O-O 1/2-1/2

[Event "Oberliga Ost A 2017 2018"]
[Site "Germany"]
[Date "2017.12.10"]
[Round "4.6"]
[White "Ozeran, Volodymyr"]
[Black "Schmalhofer, Adam"]
[Result "0-1"]
[WhiteElo "2087"]
[BlackElo "2058"]
[PlyCount "96"]
[EventDate "2017.10.22"]
[EventType "team-tourn"]
[EventCountry "GER"]
[WhiteTeam "Dessau SK"]
[BlackTeam "Dresden USV TU II"]
[WhiteTeamCountry "GER"]
[BlackTeamCountry "GER"]

1. d4 Nf6 2. Nf3 g6 3. g3 Bg7 4. Bg2 O-O 5. O-O d6 6. Re1 c6 7. c3 Qc7 8. Nbd2
e5 9. dxe5 dxe5 10. Qc2 h6 11. b3 Be6 12. Bb2 Nbd7 13. c4 b6 14. Rad1 Rfd8 15.
Nf1 a5 16. Rd2 Kh7 17. Red1 Bf5 18. Qc1 Ne4 19. Rc2 Ndc5 20. Ne3 Rxd1+ 21. Qxd1
Rd8 22. Qc1 Bc8 23. Nd2 Ng5 24. h4 Nge6 25. Ndf1 Nd4 26. Bxd4 exd4 27. Nd1 Bf5
28. Rd2 Ne4 29. Bxe4 Bxe4 30. Nb2 h5 31. f3 Bf5 32. Nd3 c5 33. Qe1 Qe7 34. Qf2
g5 35. Qh2 gxh4 36. Qxh4 Qxh4 37. gxh4 Bf6 38. Nf4 Rg8+ 39. Kh1 Bxh4 40. e4 Bg5
41. Rh2 Bg6 42. Nxh5 Bxh5 43. Rxh5+ Kg6 44. Rh2 Kf6 45. Rg2 Rd8 46. Kg1 d3 47.
Nd2 Be3+ 48. Kf1 Rh8 0-1

[Event "Oberliga Ost A 2017 2018"]
[Site "Germany"]
[Date "2017.12.10"]
[Round "4.7"]
[White "Lutz, Ruben"]
[Black "Schaefer, Sven"]
[Result "1/2-1/2"]
[WhiteElo "2007"]
[BlackElo "2001"]
[PlyCount "22"]
[EventDate "2017.10.22"]
[EventType "team-tourn"]
[EventCountry "GER"]
[WhiteTeam "Dresden USV TU II"]
[BlackTeam "Dessau SK"]
[WhiteTeamCountry "GER"]
[BlackTeamCountry "GER"]

1. d4 Nf6 2. Nf3 g6 3. Bg5 Bg7 4. Nbd2 d5 5. e3 O-O 6. Be2 c5 7. c3 Nc6 8. O-O
b6 9. Ne5 Bb7 10. f4 Nd7 11. Bh4 Ndxe5 1/2-1/2

[Event "Oberliga Ost A 2017 2018"]
[Site "Germany"]
[Date "2017.12.10"]
[Round "4.8"]
[White "Weder, Axel"]
[Black "Richter, Philipp"]
[Result "0-1"]
[WhiteElo "2061"]
[BlackElo "1795"]
[PlyCount "110"]
[EventDate "2017.10.22"]
[EventType "team-tourn"]
[EventCountry "GER"]
[WhiteTeam "Dessau SK"]
[BlackTeam "Dresden USV TU II"]
[WhiteTeamCountry "GER"]
[BlackTeamCountry "GER"]

1. c4 c5 2. Nc3 Nc6 3. g3 g6 4. Bg2 Bg7 5. d3 e6 6. e4 Nge7 7. Nge2 O-O 8. Bg5
f6 9. Be3 d6 10. Qd2 f5 11. Bh6 Bxh6 12. Qxh6 fxe4 13. Nxe4 Nf5 14. Qd2 Ncd4
15. N4c3 Bd7 16. Bxb7 d5 17. O-O-O Rb8 18. Ba6 Qa5 19. Bb5 Bxb5 20. cxb5 a6 21.
g4 Nf3 22. Qf4 N5d4 23. Qd6 Nxe2+ 24. Nxe2 Rb6 25. Qc7 Qxb5 26. b3 Rc6 27. Qe7
c4 28. dxc4 dxc4 29. Rd7 Qg5+ 30. Qxg5 cxb3+ 31. Kb2 Nxg5 32. f4 Rc2+ 33. Kxb3
Rxe2 34. fxg5 Rf3+ 35. Kb4 Rxa2 36. Rc1 Rb2+ 37. Ka4 Rf7 38. Rc8+ Kg7 39. Rdd8
Rfb7 40. Rg8+ Kf7 41. Rgf8+ Ke7 42. Rfe8+ Kd6 43. Red8+ Ke5 44. Rc5+ Kf4 45.
Ka3 Kxg4 46. Rd4+ Kh3 47. Re5 Rg2 48. Ra4 Kxh2 49. Rxa6 Rg3+ 50. Ka2 Rg4 51.
Ka3 Rf7 52. Raxe6 Rf3+ 53. Kb2 Rg2+ 54. Re2 Rfg3 55. Re7 Rxe2+ 0-1

[Event "Oberliga Ost A 2017 2018"]
[Site "Germany"]
[Date "2017.12.10"]
[Round "4.1"]
[White "Richter, Leonard"]
[Black "Zwahr, Paul"]
[Result "1-0"]
[WhiteElo "2268"]
[BlackElo "2306"]
[PlyCount "37"]
[EventDate "2017.10.22"]
[EventType "team-tourn"]
[EventCountry "GER"]
[WhiteTeam "Leipzig SG II"]
[BlackTeam "Dresden SG Gruen Weiss"]
[WhiteTeamCountry "GER"]
[BlackTeamCountry "GER"]

1. e4 e5 2. Nf3 Nc6 3. d4 exd4 4. Bc4 Bc5 5. c3 dxc3 6. Bxf7+ Kxf7 7. Qd5+ Kf8
8. Qxc5+ d6 9. Qxc3 Nf6 10. Nbd2 Qe7 11. O-O Nxe4 12. Nxe4 Qxe4 13. Re1 Qd5 14.
Bh6 Qf7 15. Ng5 Qg6 16. Bxg7+ Kg8 17. Bxh8 Qxg5 18. Re8+ Kf7 19. Rae1 1-0

[Event "Oberliga Ost A 2017 2018"]
[Site "Germany"]
[Date "2017.12.10"]
[Round "4.2"]
[White "Siedentopf, Daniel"]
[Black "Schunk, Thomas"]
[Result "1-0"]
[WhiteElo "2268"]
[BlackElo "2152"]
[PlyCount "97"]
[EventDate "2017.10.22"]
[EventType "team-tourn"]
[EventCountry "GER"]
[WhiteTeam "Dresden SG Gruen Weiss"]
[BlackTeam "Leipzig SG II"]
[WhiteTeamCountry "GER"]
[BlackTeamCountry "GER"]

1. d4 f5 2. g3 Nf6 3. Bg2 d5 4. Nf3 e6 5. O-O Bd6 6. c4 c6 7. Nc3 O-O 8. Qc2
Nbd7 9. Rb1 Ne4 10. b4 Ndf6 11. b5 Bd7 12. bxc6 bxc6 13. Ne5 Be8 14. Nxe4 Nxe4
15. f3 Nf6 16. Bf4 Nh5 17. Bd2 Rc8 18. c5 Bb8 19. Rb7 g5 20. Qc1 f4 21. Bh3 Qf6
22. Qb1 Bg6 23. Qb2 Rfe8 24. Nd7 Qd8 25. Nxb8 Rxb8 26. Rxb8 Qxb8 27. Qxb8 Rxb8
28. gxf4 Rb2 29. Bxe6+ Kg7 30. Rd1 gxf4 31. Bd7 Bc2 32. Bc3 Rxa2 33. Rd2 Nf6
34. Bxc6 Kf7 35. Kf2 Ke6 36. Bb5 Bb3 37. Rxa2 Bxa2 38. Bd2 Bc4 39. Ba4 Kf5 40.
h4 Nh5 41. Bd7+ Kf6 42. Bg4 Ng3 43. Bxf4 Nxe2 44. Be5+ Ke7 45. c6 a5 46. c7 Ba6
47. c8=Q Bxc8 48. Kxe2 a4 49. Kd2 1-0